Malaysian Journal of Civil Engineering.
| Corporate Author: | Universiti Teknologi Malaysia |
|---|---|
| Published: |
Skudai, Johor:
UTM,
2006-.
|
| Subjects: |
| LEADER | 00522cam a2200169 7i4500 | ||
|---|---|---|---|
| 001 | 0000036932 | ||
| 005 | 20141124090000.0 | ||
| 022 | |a 1823-7843 | ||
| 090 | 0 | 0 | |a TA1 |b .M36 |
| 245 | 0 | 0 | |a Malaysian Journal of Civil Engineering. |
| 260 | |a Skudai, Johor: |b UTM, |c 2006-. | ||
| 300 | |a v.: |b ill.; |c 20 cm. | ||
| 310 | |a Semiannual | ||
| 500 | |a Library has: Vol.18 No.1-No.2 2006; Stop subscription | ||
| 650 | 0 | 0 | |a Civil engineering |
| 710 | 1 | |a Universiti Teknologi Malaysia | |
| 999 | |a SER0000687 |b SERIALS |c SERIALS |e Serial Room, Bestrai Jaya | ||